Ley No.5797 y Ley No.5869 sobre violación de propiedad privada o pública (INmoviliarias urbanas o rurales) (Registro nro. 5801)

Detalles MARC
000 -LEADER
fixed length control field 00541nam a22001691a 4500
001 - CONTROL NUMBER
control field 5801
003 - CONTROL NUMBER IDENTIFIER
control field OSt
005 - DATE AND TIME OF LATEST TRANSACTION
control field 20260204212029.0
008 - FIXED-LENGTH DATA ELEMENTS--GENERAL INFORMATION
fixed length control field 060211s1996||||dr ||||||b||||||||||spa||
050 ## - LIBRARY OF CONGRESS CALL NUMBER
Classification number RD 346.036 R299l
110 ## - ASIENTO PRINCIPAL -- NOMBRE CORPORATIVO
Corporate name or jurisdiction name as entry element República Dominicana
245 ## - TÍTULO PROPIAMENTE DICHO: SUBTÍTULO
Title Ley No.5797 y Ley No.5869 sobre violación de propiedad privada o pública (INmoviliarias urbanas o rurales)
264 ## - PRODUCTION, PUBLICATION, DISTRIBUTION, MANUFACTURE, AND COPYRIGHT NOTICE
Place of production, publication, distribution, manufacture Santo Domingo : Congreso Nacional
300 ## - PHYSICAL DESCRIPTION
Extensión 14 p
650 ## - ASIENTO SECUNDARIO DE MATERIA -- TERMINO TEMÁTICO
Termino Temático Como Elemento de Entrada 1.Violación a la Propiedad Privada 2.Ley No.5797 3.Ley No.5869Ì
942 ## - ADDED ENTRY ELEMENTS (KOHA)
Source of classification or shelving scheme Dewey Decimal Classification
Koha item type Libros
Existencias
Withdrawn status Lost status Source of classification or shelving scheme Damaged status Not for loan Current library Date acquired Total Checkouts Full call number Barcode Date last seen Price effective from Koha item type
    Dewey Decimal Classification     Biblioteca UTECO 09/09/2019   RD 346.036 R299L 010221 09/09/2019 09/09/2019 Libros
    Dewey Decimal Classification     Biblioteca UTECO 09/09/2019   RD 346.036 R299L 010222 09/09/2019 09/09/2019 Libros
    Dewey Decimal Classification     Biblioteca UTECO 09/09/2019   RD 346.036 R299L 010223 09/09/2019 09/09/2019 Libros
    Dewey Decimal Classification     Biblioteca UTECO 09/09/2019   RD 346.036 R299L 010224 09/09/2019 09/09/2019 Libros
    Dewey Decimal Classification Dañado   Biblioteca UTECO 09/09/2019   RD 346.036 R299L 010225 09/09/2019 09/09/2019 Libros
    Dewey Decimal Classification     Biblioteca UTECO 09/09/2019   RD 346.036 R299L 010226 09/09/2019 09/09/2019 Libros
© 2021 Derechos Reservados UTECO - Teléfono: +1 809-585-2291 - Correo electrónico: biblioteca@uteco.edu.do​  
Código postal 43000 ​​
Dirección: Avenida Universitaria No. 100, 
Cotuí, Provincia Sánchez Ramírez, República Dominicana - RNC: 404-00059-6